Statistics for 21岐阜県の市町村

Click here to take the quiz!

General Stats

  • This quiz has been taken 71 times
    (67 since last reset)
  • The average score is 25 of 42

Answer Stats

Answer% Correct
岐阜市
100%
飛騨市
96%
高山市
96%
大垣市
96%
多治見市
91%
各務原市
89%
中津川市
84%
関市
84%
美濃加茂市
80%
可児市
78%
下呂市
76%
郡上市
76%
美濃市
73%
瑞浪市
73%
土岐市
71%
海津市
69%
恵那市
67%
山県市
67%
羽島市
62%
瑞穂市
60%
本巣市
60%
不破郡関ケ原町
53%
不破郡垂井町
51%
加茂郡白川町
47%
揖斐郡揖斐川町
47%
大野郡白川村
47%
養老郡養老町
47%
加茂郡坂祝町
44%
羽島郡笠松町
44%
加茂郡東白川村
44%
安八郡安八町
42%
可児郡御嵩町
42%
羽島郡岐南町
42%
加茂郡七宗町
40%
加茂郡八百津町
40%
安八郡輪之内町
38%
揖斐郡池田町
38%
本巣郡北方町
38%
揖斐郡大野町
36%
加茂郡富加町
36%
加茂郡川辺町
33%
安八郡神戸町
29%

Score Distribution

Percentile by Number Answered

Percent of People with Each Score

Your Score History

You have not taken this quiz since the last reset